000 00441nam a2200181Ia 4500
001 23601
005 20260414150948.0
008 260414t1987||||xx |||||||||||||| ||spa||
041 _aESP
082 _a670.42
_bM32
100 _aMaynard, H.B.
_eAUT
245 0 _aManual de ingenieria y organización industrial
_b
260 _c1987
300 _a1900pƔginas :
_c25 cm.
650 _aTCA
654 _aCII
942 _cLIB
_dJUS
_fJUS
_2ddc
_n
999 _c23601
_d23601